MODERN GARDE MANGER (Record no. 230754)

MARC details
000 -LEADER
fixed length control field 00448pam a2200169 a 4500
020 ## - INTERNATIONAL STANDARD BOOK NUMBER
International Standard Book Number 978-1-4018-5009-8
Terms of availability
041 ## - LANGUAGE CODE
Language code of original
082 ## - DEWEY DECIMAL CLASSIFICATION NUMBER
Classification number 641.79
100 ## - MAIN ENTRY--PERSONAL NAME
Personal name ROBERT GARLOUGH, ANGUS CAMPBELL
Relator term Author
245 ## - TITLE STATEMENT
Title MODERN GARDE MANGER
Statement of responsibility, etc. ROBERT GARLOUGH, ANGUS CAMPBELL
Medium Textual Documents
250 ## - EDITION STATEMENT
Edition statement 1st
260 ## - PUBLICATION, DISTRIBUTION, ETC.
Place of publication, distribution, etc. America
Name of publisher, distributor, etc. thomson Delmar learninig
300 ## - PHYSICAL DESCRIPTION
Extent 705
653 ## - INDEX TERM--UNCONTROLLED
Uncontrolled term hotel management
700 ## - ADDED ENTRY--PERSONAL NAME
Relator term Co-Author
930 ## - EQUIVALENCE OR CROSS-REFERENCE-UNIFORM TITLE HEADING [LOCAL, CANADA]
Uniform title 3357
Holdings
Withdrawn status Lost status Damaged status Not for loan Collection Home library Current library Date acquired Source of acquisition Cost, normal purchase price Total Checkouts Full call number Barcode Date last seen Copy number Price effective from Koha item type
          Institute of Hotel Management & Catering Technology, Pune Institute of Hotel Management & Catering Technology, Pune 28/07/2007 Bharati Madhyavarti Grahak Bhandar Ltd,Pune 1750.00   641.79 HMP-D-1830 07/03/2023 1 07/03/2023 Book